000 00299nam a22001337a 4500
008 170830b xxu||||| |||| 00| 0 eng d
020 _a9780077410056
041 _aeng
080 _22ND
_a070
100 _a40
101 _aMED
245 _aINTERPERSONAL COMMUNICATION
_cFLOYD,K
942 _2udc
_cBK
999 _c25634
_d25634